000 00301 a2200145 4500
001 180113
020 _a
040 _cMagnum
100 _aOrthof, Sylvia
240 1 0 _aChoque no roque
_lpor
245 1 0 _aChoque no roque
362 0 _a1899
697 _aMAGNITO: IJ/FADAS, FANTASIA
942 _cBK
999 _c180113
_d180113